Political centers and cultural regions in early Bengal / (Record no. 25660)
[ view plain ]
| 000 -LEADER | |
|---|---|
| fixed length control field | 01061cam a2200289 4500 |
| 001 - CONTROL NUMBER | |
| control field | 25660 |
| 003 - CONTROL NUMBER IDENTIFIER | |
| rucl marc code | BD-RjUL |
| 005 - DATE AND TIME OF LATEST TRANSACTION | |
| control field | 20211209050917.0 |
| 008 - FIXED-LENGTH DATA ELEMENTS--GENERAL INFORMATION | |
| fixed length control field | 140319s1970 azub b 001 0 eng |
| 020 ## - INTERNATIONAL STANDARD BOOK NUMBER | |
| International Standard Book Number | 0816501548 |
| 035 ## - SYSTEM CONTROL NUMBER | |
| System control number | (BD-RjUL)25730 |
| 040 ## - CATALOGING SOURCE | |
| Original cataloging agency | DLC |
| Transcribing agency | DLC |
| Modifying agency | DLC |
| -- | BD-RjUL |
| Language of cataloging | eng |
| 041 ## - LANGUAGE CODE | |
| Language code of text/sound track or separate title | eng |
| 082 00 - DEWEY DECIMAL CLASSIFICATION NUMBER | |
| Classification number | 333.160934 |
| Author mark and year | MOP 1970 |
| 100 1# - MAIN ENTRY--PERSONAL NAME | |
| Personal name | Morrison, Barrie M. |
| 9 (RLIN) | 78840 |
| 245 10 - TITLE STATEMENT | |
| Title | Political centers and cultural regions in early Bengal / |
| Statement of responsibility, etc. | by Barrie M. Morrison. |
| 260 ## - PUBLICATION, DISTRIBUTION, ETC. (IMPRINT) | |
| Place of publication, distribution, etc. | Tucson : |
| Name of publisher, distributor, etc. | Published for the Association for Asian Studies, by the University of Arizona Press, |
| Date of publication, distribution, etc. | c1970. |
| 300 ## - PHYSICAL DESCRIPTION | |
| Pagination | xii, 189 p. : |
| Illustrations | maps ; |
| Size | 24 cm. |
| 410 20 - SERIES STATEMENT/ADDED ENTRY--CORPORATE NAME [OBSOLETE, CAN/MARC], [LOCAL, USA] | |
| Corporate name or jurisdiction name as entry element | Association for Asian Studies |
| Title of a work | Monographs and papers |
| Volume number/sequential designation | no. 25 |
| 504 ## - BIBLIOGRAPHY, ETC. NOTE | |
| Bibliography, etc | Includes bibliographical references (p. 171-181.) and index. |
| 650 #0 - SUBJECT ADDED ENTRY--TOPICAL TERM | |
| Topical term or geographic name as entry element | Land grants |
| Geographic subdivision | India |
| -- | Bengal |
| General subdivision | History |
| -- | Sources. |
| 9 (RLIN) | 78841 |
| Topical term or geographic name as entry element | Inscriptions |
| Geographic subdivision | Bengal. |
| 9 (RLIN) | 78842 |
| 651 #0 - SUBJECT ADDED ENTRY--GEOGRAPHIC NAME | |
| Geographic name | Bengal (India) |
| General subdivision | Politics and government |
| -- | Sources. |
| 9 (RLIN) | 78843 |
| 942 ## - ADDED ENTRY ELEMENTS (KOHA) | |
| Source of classification or shelving scheme | Dewey Decimal Classification |
| Koha item type | Books |
| Lost status | Source of classification or shelving scheme | Damaged status | Not for loan | Collection code | Permanent Location | Current Location | Shelving location | Date acquired | Source of acquisition | Total Checkouts | Full call number | Date last seen | Copy number | Koha item type |
|---|---|---|---|---|---|---|---|---|---|---|---|---|---|---|
| Dewey Decimal Classification | Added to bundle | Non-fiction | Central Library, University of Rajshahi | Central Library, University of Rajshahi | Reading Room | 03/04/1974 | Gift | 333.160934 MOP 1970 | 19/03/2014 | C-1 | Books |